Postavenie sociálnych sietí a médií v marketingovej komunikácii diplomová práca

Salvato in:
Dettagli Bibliografici
Autore principale: Hozová, Karolína
Ente Autore: Obchodná fakulta EU. Katedra marketingu
Altri autori: Žák, Štefan, 1971-
Natura: Libro
Lingua:slovacco
Pubblicazione: Bratislava 2022
Tags: Aggiungi Tag
Nessun Tag, puoi essere il primo ad aggiungerne!!

MARC

LEADER 00000nbm a2200000 4500
001 0284187
005 20230111095531.3
041 0 |a slo 
044 |a SK 
245 1 0 |a Postavenie sociálnych sietí a médií v marketingovej komunikácii  |b diplomová práca  |c Karolína Hozová ; školiteľ: Štefan Žák 
264 1 |a Bratislava  |c 2022 
300 |a 63 s. 
100 1 |a Hozová, Karolína 
700 1 |a Žák, Štefan, 1971- 
710 2 |a Obchodná fakulta EU. Katedra marketingu